Statystyki dla Odgadnij flagę po fragmencie

Kliknij tutaj aby rozwiązać quiz!

Ogólne statystyki

  • Ten quiz został rozwiązany 664 razy
  • Średni wynik to 10 z 16

Statystyki odpowiedzi

Odpowiedź% Poprawnych
Łotwa
96%
Arabia Saudyjska
83%
Czarnogóra
77%
Korea Południowa
74%
Papua Nowa Gwinea
73%
Barbados
68%
Dominika
63%
Togo
57%
Malediwy
54%
Zambia
53%
Tadżykistan
52%
Oman
51%
Fidżi
48%
Gambia
46%
Kiribati
46%
Saint Vincent i Grenadyny
42%

Rozkład punktacji

Percentyl według liczby udzielonych odpowiedzi

Procent ludzi z każdym wynikiem

Twoja historia wyników

Nie rozwiązałeś tego quizu